000 00389nam a2200145Ia 4500
008 230917s9999||||xx |||||||||||||| ||und||
040 _e79522
_aMAIN
041 _aEnglish
082 _a340.942 D28E
100 _aDavid, Rene
245 0 _aEnglish law and French law: a comparison in substance Tagore law lectures
260 _aLondon
_bStevens
_c1980
300 _a223 p.
942 _cBK
999 _c203790
_d203790